000 01084cam a2200289 i 4500
942 _cBK
999 _c741
_d741
001 18843438
003 OSt
005 20250420134823.0
008 151104s2015 enka 001 0 eng
010 _a 2014397295
020 _a9781107480537 (edition with answers and interactive eBook)
040 _aDLC
_beng
_erda
_cKCST
050 0 0 _aPE1128
_b.M77764 2015
082 0 0 _a428.24
_223
_bMu Es
100 1 _aMurphy, Raymond,
_eauthor.
_94737
245 1 0 _aEssential grammar in use :
_ba self study reference and practice book for elementary learners of English: with answers and eBook /
_cRaymond Murphy.
250 _a4
260 _aCambridge :
_bCambridge University Press,
_c2015.
300 _a319 pages :
_billustrations ;
_c27 cm.
500 _aIncludes index.
650 0 _aEnglish language
_vTextbooks for foreign speakers.
_94734
650 0 _aEnglish language
_xGrammar
_vProblems, exercises, etc.
_9112
650 0 _aEnglish language
_xStudy and teaching (Elementary)
_xForeign speakers.
_94735
650 0 _aLanguage arts (Elementary)
_94736
942 _2ddc